Catecismo romano (Record no. 8355)
[ view plain ]
| 000 -CABECERA | |
|---|---|
| campo de control de longitud fija | 01384nam a2200217 a 4500 |
| 001 - NÚMERO DE CONTROL | |
| campo de control | BRCA_8702 |
| 005 - FECHA Y HORA DE LA ÚLTIMA TRANSACCIÓN | |
| campo de control | 20190320210354.0 |
| 008 - DATOS DE LONGITUD FIJA--INFORMACIÓN GENERAL | |
| campo de control de longitud fija | 240117s1777----sp-#######---#000-0#spa-# |
| 041 ## - CÓDIGO DE LENGUA | |
| Código de lengua del texto/banda sonora o título independiente | spa |
| 044 ## - CÓDIGO DEL PAÍS DE LA ENTIDAD EDITORA/PRODUCTORA | |
| Código MARC del país | sp |
| 084 ## - OTRO NÚMERO DE CLASIFICACIÓN | |
| Número de clasificación | BE45 |
| Número de documento/Ítem | .M36 1777 |
| 100 1# - ENTRADA PRINCIPAL--NOMBRE DE PERSONA | |
| Nombre de persona | Manterola, Lorenzo Agustin de |
| 9 (RLIN) | 21683 |
| 245 10 - MENCIÓN DE TÍTULO | |
| Título | Catecismo romano |
| Resto del título | compuesto por decreto del sagrado concilio tridentino para los párrocos de toda la iglesia y publicado por San Pio V; traducido del latín al castellano, según el Decreto del mismo Sagrado Concilio. |
| 260 ## - PUBLICACIÓN, DISTRIBUCIÓN, ETC. | |
| Lugar de publicación, distribución, etc. | Pamplona |
| Nombre del editor, distribuidor, etc. | En la Imprenta de Benito de Coscoyuela |
| Fecha de publicación, distribución, etc. | 1777 |
| 300 ## - DESCRIPCIÓN FÍSICA | |
| Extensión | XXXX, 532 p. (t.1) |
| Dimensiones | 21.4 x 15 cm |
| 500 ## - NOTA GENERAL | |
| Nota general | En portada: Al principio de cada tomo va su respectivo índice de capítulos, y números: y al final del segundo se hallaràn otros dos bien copiosos, relativos a toda la obra: uno de todas las Dominicas, y algunas fiestas más principales del año, con remisiones à este catecismo, para predicar por él: y otro de las cosas más notables. Lease también à la frente de este primer Tomo el Breve de N. SS. Padre Clemente XIII., y el edicto del ilustrísimo señor Obispo de Pamplona |
| 500 ## - NOTA GENERAL | |
| Nota general | Estado físico: presenta encuadernación en pergamino con lomo desprendido, algunas hojas manchadas y presencia del pez de plata |
| 650 14 - PUNTO DE ACCESO ADICIONAL DE MATERIA--TÉRMINO DE MATERIA | |
| Término de materia o nombre geográfico como elemento de entrada | Catecismo |
| Subdivisión cronológica | Obras anteriores a 1800 |
| 9 (RLIN) | 21684 |
| 902 ## - CATALOGADOR | |
| Iniciales | CFM |
| 942 ## - ELEMENTOS DE PUNTO DE ACCESO ADICIONAL (KOHA) | |
| Fuente del sistema de clasificación o colocación | Library of Congress Classification |
| Tipo de ítem Koha | Libros |
| Estado de retiro | Estado de pérdida | Fuente del sistema de clasificación o colocación | Estado dañado | No para préstamo | Código de colección | Localización permanente | Ubicación/localización actual | Fecha de adquisición | Fuente de adquisición | Total de préstamos | Signatura topográfica completa | Código de barras | Fecha visto por última vez | Precio válido a partir de | Tipo de ítem Koha |
|---|---|---|---|---|---|---|---|---|---|---|---|---|---|---|---|
| El ejemplar forma parte de la colección y puede ser consultado según las políticas vigentes. | Library of Congress Classification | Conventual Franz Mayer | Biblioteca del Museo Franz Mayer (Rogerio Casas-Alatriste) | Biblioteca del Museo Franz Mayer (Rogerio Casas-Alatriste) | 24/01/2017 | Donación | BE45 .M36 1777 | CFM00042 | 22/03/2019 | 22/03/2019 | Libros |